00629nam a2200217 ia450000500170000000800410001702000370005804000250009508200180012009000220013824500360016026400560019626400110025230000220026333600210028533700250030633800230033165000270035494200110038199900190039220260419122000.0260419t20252025my jr 000 0 may d a9789672098522cRM5.90qpaperback aPPAKbengcPPAKerda04a398.9992322300a398.99923bJOMdK00aJom Belajar! :nSIMPULAN BAHASA 1aBatu Caves, Selangor :bKiddibird Sdn Bhd,c[2025?] 4c©2025 a64 pages ;c21 cm atext2rdacontent aunmediated2rdamedia avolume2rdacarrier10aMalay languagexIdioms 2ddccB c203907d203907